| 000 | 00570nam a22001697a 4500 | ||
|---|---|---|---|
| 003 | OSt | ||
| 005 | 20250806063933.0 | ||
| 008 | 240629b |||||||| |||| 00| 0 eng d | ||
| 040 |
_aDWCL-Main Lib. _cOC |
||
| 082 | _aFil. 657.044 Oc15i 2022 | ||
| 100 | _aOcampo, Reynaldo R | ||
| 245 |
_aIntermediate accounting volume III : _bmade easy / _cReynaldo R. Ocampo |
||
| 260 |
_a[Manila : Philippines] : _bDomdane publishers & made easy, _cc2022. |
||
| 300 |
_axiv, in various pagings : _billustrations ; _c26cm. |
||
| 650 | _a1. Accounting. | ||
| 942 |
_2ddc _cBK - FIL _kFil. _n0 |
||
| 999 |
_c1648 _d1648 |
||